Personnages d'Harry Potter par première réplique - Statistiques

Statistiques générales
  • Ce quiz a été pris 60 fois
  • Le résultat moyen est 6 sur 20
Statistiques - réponses
Réplique Personnages % Correct
" Harry Potter. Oh, Monsieur, il y a si longtemps que Dobby rêvait de faire votre connaissance... C'est un si grand honneur... " Dobby
93%
" Grand-mère, j'ai encore perdu mon crapaud. " Neville Londubat
80%
" Tiens, tiens, tiens, Arthur Weasley. " Lucius Malefoy
75%
" Serre numéro trois, aujourd'hui" Pomona Chourave
69%
" l'ai empruntée, professeur Dumbledore, Monsieur. C'est le jeune Sirius Black qui me l'a prêtée. Ça y est, j'ai réussi à vous l'amener, Monsieur. " Rubeus Hagrid
58%
" Excusez-moi, vous avez fini avec la bouillabaisse ? " Fleur Delacour
38%
" Va-t-en, Bella !" Narcissa Malefoy
36%
" ... et tes cheveux sont beaucoup trop longs, Ronald. Au début je t'ai pris pour ta sœur Ginevra. Par la barbe de Merlin,comment Xenophilius Lovegood s'est-il accoutré ? On dirait une omelette. Et vous, qui êtes vous ? " Tante Muriel
29%
" par ici, Arthur ! Par ici, mon vieux, on l'a trouvé ! " Amos Diggory
20%
" Pourquoi est-ce que nous restons dans le noir ? " Nymphadora Tonks
13%
" J'espère que vous n'êtes pas en train de vous disputer ?" Filius Flitwick
9%
" On peut t'aider ? " Georges Weasley
9%
" Vous parlez sérieusement, professeur ? " Olivier Dubois
9%
" Tais-toi, Malefoy. " Parvati Patil
9%
" Ouille ! " Horace Slughorn
7%
" Comment oses-tu ?! " Alicia Spinnet
5%
" Celui qui a des épaules d'athlète et qui ne dit presque jamais rien ? " Katie Bell
5%
" Ça, par exemple ! " Ludo Verpey
5%
" Ça va ? " Firenze
4%
" Dépêchez-vous, ça fait cinq minutes que la cloche a sonné. " Wilhelmina Gobe-Planche
4%
Aucun quiz correspondant
Distribution des résultats
% des personnes avec chaque résultat
Percentile par nombre de réponses
Votre historique - résultats
Vous n’avez pas pris ce quiz